| 000 | 00509nam a2200157 a 4500 | ||
|---|---|---|---|
| 001 | 2844 | ||
| 003 | CDMR | ||
| 005 | 20131107113154.0 | ||
| 008 | 130130s1932||||||||||||||||||||||||||||d | ||
| 040 |
_aCDMR _bcat _cCDMR |
||
| 110 | 2 |
_aAsociación de la Prensa de Málaga _92095 |
|
| 245 | 1 | 0 | _aMemoria leída en la Junta General Ordinaria del mes de diciembre de 1931 por el secretario de la Asociación |
| 260 |
_aMálaga _c[1932] _bAsociación de la Prensa de Málaga |
||
| 300 | _a29, [4] p. | ||
| 942 |
_cFULLET _2udc |
||
| 999 |
_c2844 _d2844 |
||